States With Only One M - Statistics

General Stats
  • This quiz has been taken 63 times
  • The average score is 12 of 14
Answer Stats
States % Correct
Maryland
94%
Missouri
92%
Alabama
90%
Montana
90%
Maine
88%
Massachusetts
88%
Michigan
88%
Mississippi
86%
New Mexico
84%
Minnesota
82%
Wyoming
80%
New Hampshire
78%
Vermont
78%
Oklahoma
66%
No matching quizzes found
Score Distribution
Percent of People with Each Score
Percentile by Number Answered
Your Score History
You have not taken this quiz